Animal Crossing New Horizons Villagers - Statistics

General Stats
  • This quiz has been taken 154 times
    153 since last reset
  • The average score is 167 of 391
Answer Stats
Species Personality Villager % Correct
Gorilla Lazy Al
82%
Dog Normal Bea
77%
Wolf Peppy Audie
70%
Cat Lazy Bob
70%
Frog Normal Lily
70%
Pig Sisterly Agnes
68%
Cat Snooty Ankha
68%
Deer Lazy Beau
68%
Ostrich Snooty Julia
68%
Cat Smug Raymond
68%
Squirrel Peppy Agent S
66%
Alligator Lazy Alfonso
66%
Alligator Snooty Alli
66%
Anteater Jock Antonio
66%
Eagle Cranky Apollo
66%
Duck Jock Bill
66%
Dog Lazy Lucky
64%
Squirrel Smug Marshal
64%
Octopus Normal Marina
63%
Elephant Normal Tia
63%
Bird Cranky Admiral
61%
Koala Normal Alice
61%
Eagle Snooty Amelia
61%
Cat Peppy Tangy
61%
Octopus Lazy Zucker
61%
Bear Smug Beardo
59%
Dog Sisterly Cherry
59%
Rabbit Normal Coco
59%
Sheep Jock Dom
59%
Deer Normal Fauna
59%
Octopus Cranky Octavian
59%
Cat Peppy Rosie
59%
Anteater Normal Annalisa
57%
Hamster Peppy Apple
57%
Penguin Normal Aurora
57%
Deer Jock Bam
57%
Mouse Peppy Bella
57%
Cub Peppy Bluebear
57%
Rabbit Peppy Chrissy
57%
Dog Normal Goldie
57%
Cat Sisterly Katt
57%
Frog Jock Ribbot
57%
Elephant Lazy Big Top
55%
Goat Jock Billy
55%
Chicken Lazy Egbert
55%
Penguin Sisterly Flo
55%
Horse Smug Julian
55%
Cat Jock Kid Cat
55%
Cat Normal Lolly
55%
Rhino Normal Merengue
55%
Duck Normal Molly
55%
Goat Lazy Sherb
55%
Mouse Peppy Anicotti
54%
Horse Snooty Annalise
54%
Deer Sisterly Deirdre
54%
Deer Snooty Diana
54%
Hippo Cranky Harry
54%
Cub Snooty Judy
54%
Rabbit Sisterly Mira
54%
Frog Peppy Puddles
54%
Cat Cranky Tom
54%
Wolf Snooty Whitney
54%
Bull Cranky Angus
52%
Chicken Normal Ava
52%
Sheep Snooty Baabara
52%
Tiger Peppy Bianca
52%
Mouse Smug Chadder
52%
Cub Peppy Cheri
52%
Goat Normal Chevre
52%
Koala Smug Eugene
52%
Wolf Cranky Fang
52%
Hamster Jock Hamlet
52%
Kangaroo Normal Kitt
52%
Cat Snooty Olivia
52%
Ostrich Sisterly Phoebe
52%
Squirrel Normal Poppy
52%
Mouse Jock Rod
52%
Cub Lazy Stitches
52%
Elephant Jock Axel
50%
Frog Cranky Camofrog
50%
Ostrich Lazy Cranston
50%
Elephant Normal Ellie
50%
Rabbit Snooty Francine
50%
Alligator Normal Gayle
50%
Frog Smug Henry
50%
Cub Normal June
50%
Cat Normal Kiki
50%
Bird Jock Peck
50%
Ostrich Smug Phil
50%
Sheep Smug Pietro
50%
Penguin Peppy Sprinkle
50%
Bird Lazy Anchovy
48%
Eagle Cranky Avery
48%
Chicken Snooty Becky
48%
Chicken Lazy Benedict
48%
Dog Lazy Bones
48%
Elephant Lazy Dizzy
48%
Wolf Snooty Freya
48%
Frog Snooty Gigi
48%
Squirrel Sisterly Hazel
48%
Chicken Smug Ken
48%
Lion Smug Lionel
48%
Cub Normal Maple
48%
Cow Peppy Patty
48%
Rhino Sisterly Renee
48%
Horse Sisterly Reneigh
48%
Rabbit Peppy Ruby
48%
Wolf Cranky Wolfgang
48%
Anteater Peppy Anabelle
46%
Kangaroo Snooty Astrid
46%
Tiger Peppy Bangle
46%
Dog Lazy Benjamin
46%
Ostrich Snooty Blanche
46%
Penguin Lazy Boomer
46%
Rabbit Peppy Bunnie
46%
Rabbit Peppy Carmen
46%
Kangaroo Normal Carrie
46%
Dog Normal Daisy
46%
Frog Sisterly Diva
46%
Wolf Cranky Dobie
46%
Ostrich Peppy Flora
46%
Eagle Cranky Frank
46%
Sheep Sisterly Frita
46%
Penguin Cranky Hopper
46%
Frog Normal Jambette
46%
Cat Snooty Kitty
46%
Wolf Smug Kyle
46%
Goat Normal Nan
46%
Squirrel Snooty Pecan
46%
Gorilla Sisterly Rocket
46%
Koala Normal Sydney
46%
Dog Lazy Biskit
45%
Sheep Smug Curlos
45%
Rabbit Peppy Dotty
45%
Alligator Lazy Drago
45%
Pig Normal Gala
45%
Ostrich Normal Gladys
45%
Chicken Jock Goose
45%
Duck Peppy Ketchup
45%
Goat Smug Kidd
45%
Wolf Cranky Lobo
45%
Koala Normal Melba
45%
Cat Peppy Merry
45%
Sheep Sisterly Muffy
45%
Cow Snooty Naomi
45%
Cat Lazy Punchy
45%
Horse Cranky Roscoe
45%
Horse Normal Savannah
45%
Cat Jock Stinky
45%
Cow Snooty Tipper
45%
Sheep Normal Vesta
45%
Bull Cranky Vic
45%
Hippo Normal Bertha
43%
Hippo Jock Biff
43%
Gorilla Jock Boone
43%
Pig Cranky Boris
43%
Horse Jock Buck
43%
Dog Cranky Butch
43%
Squirrel Normal Caroline
43%
Bear Sisterly Charlise
43%
Bear Cranky Chow
43%
Tiger Snooty Claudia
43%
Hamster Lazy Clay
43%
Pig Jock Cobb
43%
Dog Peppy Cookie
43%
Frog Jock Cousteau
43%
Elephant Cranky Cyd
43%
Duck Normal Deena
43%
Alligator Cranky Del
43%
Elephant Snooty Eloise
43%
Deer Lazy Erik
43%
Cat Peppy Felicity
43%
Hamster Normal Flurry
43%
Lion Smug Leopold
43%
Squirrel Snooty Mint
43%
Cat Normal Mitzi
43%
Cub Normal Olive
43%
Squirrel Peppy Peanut
43%
Lion Lazy Rex
43%
Penguin Jock Roald
43%
Hamster Smug Rodney
43%
Ostrich Jock Sprocket
43%
Hippo Snooty Bitty
41%
Squirrel Snooty Blaire
41%
Alligator Jock Boots
41%
Mouse Lazy Broccolo
41%
Chicken Snooty Broffina
41%
Hippo Peppy Bubbles
41%
Koala Sisterly Canberra
41%
Mouse Peppy Candi
41%
Eagle Normal Celia
41%
Wolf Cranky Chief
41%
Rabbit Lazy Cole
41%
Penguin Lazy Cube
41%
Rabbit Lazy Doc
41%
Horse Lazy Elmer
41%
Duck Peppy Freckles
41%
Pig Jock Kevin
41%
Pig Normal Lucy
41%
Dog Peppy Maddie
41%
Duck Snooty Miranda
41%
Cat Snooty Monique
41%
Mouse Jock Moose
41%
Rabbit Smug O'Hare
41%
Elephant Snooty Opal
41%
Wolf Normal Skye
41%
Squirrel Cranky Static
41%
Frog Jock Tad
41%
Rhino Jock Tank
41%
Bear Jock Teddy
41%
Mouse Normal Bettina
39%
Mouse Snooty Bree
39%
Lion Jock Bud
39%
Sheep Snooty Cashmere
39%
Pig Smug Chops
39%
Bull Jock Coach
39%
Horse Smug Ed
39%
Lion Cranky Elvis
39%
Deer Sisterly Fuchsia
39%
Rabbit Jock Genji
39%
Hamster Smug Graham
39%
Penguin Snooty Gwen
39%
Hippo Smug Hippeux
39%
Rhino Lazy Hornsby
39%
Bird Smug Jacques
39%
Bird Jock Jay
39%
Duck Lazy Joey
39%
Cat Cranky Kabuki
39%
Koala Jock Lyman
39%
Dog Jock Mac
39%
Cat Lazy Moe
39%
Monkey Normal Nana
39%
Cow Normal Norma
39%
Anteater Smug Olaf
39%
Anteater Peppy Pango
39%
Goat Sisterly Pashmina
39%
Bear Sisterly Paula
39%
Cub Normal Pekoe
39%
Rabbit Peppy Pippy
39%
Frog Lazy Prince
39%
Ostrich Snooty Queenie
39%
Cat Jock Rudy
39%
Eagle Jock Sterling
39%
Horse Peppy Victoria
39%
Gorilla Snooty Violet
39%
Kangaroo Cranky Walt
39%
Koala Snooty Yuka
39%
Deer Smug Zell
39%
Cub Lazy Barold
38%
Rabbit Peppy Bonbon
38%
Cub Lazy Chester
38%
Horse Smug Colton
38%
Pig Jock Curly
38%
Bear Cranky Curt
38%
Duck Lazy Derwin
38%
Duck Lazy Drake
38%
Monkey Snooty Elise
38%
Sheep Normal Eunice
38%
Squirrel Lazy Filbert
38%
Monkey Jock Flip
38%
Penguin Snooty Friga
38%
Rabbit Peppy Gabi
38%
Rabbit Cranky Gaston
38%
Hamster Cranky Hamphrey
38%
Tiger Jock Leonardo
38%
Pig Normal Maggie
38%
Elephant Normal Margie
38%
Kangaroo Snooty Mathilda
38%
Bear Lazy Nate
38%
Bear Peppy Pinky
38%
Rhino Normal Rhonda
38%
Ostrich Normal Sandy
38%
Rabbit Jock Snake
38%
Wold Snooty Vivian
38%
Frog Cranky Wart Jr.
38%
Deer Cranky Bruce
36%
Squirrel Normal Cally
36%
Rabbit Lazy Claude
36%
Frog Cranky Croque
36%
Monkey Lazy Deli
36%
Frog Jock Frobert
36%
Duck Snooty Gloria
36%
Koala Cranky Gonzo
36%
Goat Cranky Gruff
36%
Rabbit Lazy Hopkins
36%
Frog Lazy Jeremiah
36%
Chicken Cranky Knox
36%
Deer Smug Lopez
36%
Bear Normal Megan
36%
Lion Jock Mott
36%
Koala Lazy Ozzie
36%
Elephant Lazy Paolo
36%
Horse Lazy Papi
36%
Duck Peppy Pate
36%
Horse Normal Peaches
36%
Bird Peppy Piper
36%
Cub Jock Poncho
36%
Frog Lazy Raddle
36%
Bull Lazy Rodeo
36%
Duck Jock Scoot
36%
Kangaroo Sisterly Sylvia
36%
Cat Peppy Tabby
36%
Rabbit Snooty Tiffany
36%
Tiger Jock Tybalt
36%
Horse Peppy Winnie
36%
Eagle Cranky Buzz
34%
Horse Snooty Cleo
34%
Anteater Cranky Cyrano
34%
Mouse Normal Dora
34%
Bear Cranky Grizzly
34%
Bear Cranky Groucho
34%
Gorilla Smug Hans
34%
Bird Jock Jitters
34%
Duck Snooty Mallary
34%
Dog Lazy Marcel
34%
Bird Normal Midge
34%
Duck Peppy Pompom
34%
Cat Snooty Purrl
34%
Pig Cranky Rasher
34%
Bird Snooty Robin
34%
Kangaroo Cranky Rooney
34%
Monkey Sisterly Shari
34%
Dog Smug Shep
34%
Hamster Snooty Soleil
34%
Rhino Cranky Spike
34%
Cub Sisterly Tammy
34%
Squirrel Snooty Tasha
34%
Duck Lazy Weber
34%
Sheep Snooty Willow
34%
Gorilla Cranky Boyd
32%
Frog Jock Drift
32%
Bear Cranky Ike
32%
Bird Smug Lucha
32%
Duck Snooty Maelle
32%
Kangaroo Normal Marcie
32%
Monkey Cranky Monty
32%
Pig Peppy Peggy
32%
Mouse Peppy Penelope
32%
Penguin Lazy Puck
32%
Lion Jock Rory
32%
Squirrel Normal Sally
32%
Alligator Jock Sly
32%
Bull Cranky T-Bone
32%
Penguin Smug Tex
32%
Pig Peppy Truffles
32%
Goat Snooty Velma
32%
Sheep Peppy Wendy
32%
Horse Lazy Clyde
30%
Eagle Smug Keaton
30%
Cub Jock Kody
30%
Mouse Cranky Limberg
30%
Squirrel Peppy Nibbles
30%
Pig Snooty Pancetti
30%
Chicken Sisterly Plucky
30%
Hippo Cranky Rocco
30%
Tiger Cranky Rolf
30%
Squirrel Jock Sheldon
30%
Anteater Snooty Snooty
30%
Bird Jock Sparro
30%
Sheep Normal Stella
30%
Bird Peppy Twiggy
30%
Penguin Lazy Wade
30%
Gorilla Cranky Cesar
29%
Pig Lazy Hugh
29%
Penguin Jock Iggly
29%
Gorilla Cranky Peewee
29%
Eagle Jock Pierce
29%
Dog Snooty Portia
29%
Squirrel Cranky Ricky
29%
Tiger Jock Rowan
29%
Mouse Jock Samson
29%
Monkey Lazy Simon
29%
Pig Lazy Spork/Crackle
29%
Squirrel Normal Sylvana
29%
Sheep Snooty Timbra
29%
Cub Cranky Vladimir
29%
Mouse Snooty Greta
27%
Frog Smug Huck
27%
Bear Smug Klaus
27%
Cub Lazy Pudge
27%
Mouse Cranky Rizzo
27%
Bull Lazy Stu
27%
Monkey Peppy Tammi
27%
Elephant Lazy Tucker
27%
Bear Peppy Tutu
27%
Bear Sisterly Ursula
27%
Dog Lazy Walker
27%
Bird Lazy Jacob/Jakey
25%
Gorilla Jock Louie
25%
Cub Cranky Murphy
25%
Duck Smug Quillson
23%
No matching quizzes found
Score Distribution
Percent of People with Each Score
Percentile by Number Answered
Your Score History
You have not taken this quiz since the last reset